000 00389nam a2200133Ia 4500
008 230411s9999 xx 000 0 und d
041 _aeng
082 _aCH/610.7343/ARO/B07045
100 _aArora Arvind
_9179350
245 _aSelf Assessment and Review of Preventive and Social Medicine
260 _bPulse Publications
_aGorakhpur
_c2011
300 _a574p
999 _c157240
_d157240